| 000 | 01012nam a22002777a 4500 | ||
|---|---|---|---|
| 999 |
_c22618 _d22618 |
||
| 003 | AR-CdUCM | ||
| 008 | 190409b ||||| |||| 00| 0 spa d | ||
| 020 | _a9786124453243 | ||
| 040 |
_aMUNICIPALIDAD PROVINCIAL DEL CUSCO _cBIBLIOTECA MUNICIPAL DEL CUSCO |
||
| 082 |
_a323.62/A64 _bA64 |
||
| 100 |
_aAragón, Jorge _945164 |
||
| 245 |
_aCiudadanía y electorado en el Perú del Bicentenario : _bperfilando el voto durante las elecciones generales 2021 / _cJorge Aragón, Henry Ayala |
||
| 260 |
_aLima : _bJurado Nacional de Elecciones, _c2022. |
||
| 300 |
_a212 páginas. : _bilustraciones ; _c23 cm. |
||
| 650 |
_aElecciones _91677 |
||
| 650 |
_aParticipación ciudadana _94011 |
||
| 650 |
_aVotación _948652 |
||
| 650 |
_aPolítica y gobierno _92693 |
||
| 650 |
_aSiglo XXI _948674 |
||
| 700 |
_aAyala, Henry _948675 |
||
| 700 |
_aCanturias, Pámela _948678 |
||
| 700 |
_aRodrigo, Gil _948679 |
||
| 710 |
_aJurado Nacional de Elecciones _tentidad editora _948650 |
||
| 942 |
_2ddc _cLIBROS |
||
| 945 | _arac | ||